US Security Interests in the ’New Eastern Mediterranean’ Balancing Russia in a Post-Unipolar World
Guardado en:
| Autor principal: | |
|---|---|
| Formato: | Libro |
| Lenguaje: | inglés |
| Publicado: |
Abingdon
Routledge
2026
|
| Edición: | 1st Edition |
| Materias: | |
| Etiquetas: |
Sin Etiquetas, Sea el primero en etiquetar este registro!
|
MARC
| LEADER | 00000nam a2200000 4500 | ||
|---|---|---|---|
| 001 | 0312817 | ||
| 005 | 20251126120620.9 | ||
| 020 | |a 9781040448267 | ||
| 020 | |a 978-1-003-47083-0 | ||
| 041 | 0 | |a eng | |
| 044 | |a GB | ||
| 245 | 1 | 0 | |a US Security Interests in the ’New Eastern Mediterranean’ |b Balancing Russia in a Post-Unipolar World |c Michalis Kontos |
| 250 | |a 1st Edition | ||
| 264 | 1 | |a Abingdon |b Routledge |c 2026 | |
| 300 | |a 255 s. | ||
| 500 | |a ProQuest e-books. | ||
| 610 | 2 | 0 | |a politika medzinárodná |
| 610 | 2 | 0 | |a politika zahraničná |
| 610 | 2 | 0 | |a bezpečnosť medzinárodná |
| 610 | 2 | 0 | |a vzťahy medzinárodné |
| 610 | 2 | 0 | |a politika bezpečnostná |
| 610 | 2 | 0 | |a USA |
| 610 | 2 | 0 | |a Rusko |
| 610 | 2 | 0 | |a Ukrajina |
| 610 | 2 | 0 | |a Stredomorie |
| 100 | 1 | |a Kontos, Michalis | |